Pszichometriai módszerek alkalmazása a hangulati élet vizsgálatában

Elmentve itt :
Bibliográfiai részletek
Szerzők: Pető Zoltán
Hunya Péter
Eller József
Testületi szerző: Számítástechnikai és kibernetikai módszerek alkalmazása az orvostudományban és a biológiában
Dokumentumtípus: Könyv része
Megjelent: 1983
Sorozat:Számítástechnikai és kibernetikai módszerek alkalmazása az orvostudományban és a biológiában 11
Kulcsszavak:Pszichometria, Pszichológia - tesztvizsgálat, Matematikai statisztika
Tárgyszavak:
Online Access:http://acta.bibl.u-szeged.hu/46051
LEADER 01175naa a2200277 i 4500
001 acta46051
005 20230609155006.0
008 170626s1983 hu o 1|| hun d
040 |a SZTE Egyetemi Kiadványok Repozitórium  |b hun 
041 |a hun 
100 1 |a Pető Zoltán 
245 1 0 |a Pszichometriai módszerek alkalmazása a hangulati élet vizsgálatában  |h [elektronikus dokumentum] /  |c  Pető Zoltán 
260 |c 1983 
300 |a 188-194 
490 0 |a Számítástechnikai és kibernetikai módszerek alkalmazása az orvostudományban és a biológiában  |v 11 
650 4 |a Természettudományok 
650 4 |a Matematika 
650 4 |a Orvos- és egészségtudomány 
650 4 |a Klinikai orvostan 
650 4 |a Társadalomtudományok 
650 4 |a Pszichológia 
695 |a Pszichometria, Pszichológia - tesztvizsgálat, Matematikai statisztika 
700 0 1 |a Hunya Péter  |e aut 
700 0 1 |a Eller József  |e aut 
711 |a Számítástechnikai és kibernetikai módszerek alkalmazása az orvostudományban és a biológiában  |c Szeged  |d 1982. december 6-8. 
856 4 0 |u http://acta.bibl.u-szeged.hu/46051/1/szamtech_orvost_koll_011_188-194.pdf  |z Dokumentum-elérés